000 01376cam a2200409 i 4500
999 _c216073
_d216073
001 23224120
003 OSt
005 20260113093048.0
008 230712t20232023paua b 001 0 eng d
010 _a 2023277984
015 _aGBC2E1320
_2bnb
020 _a9780443072857
_q(hardback)
020 _a044307285x
_q(hardback)
035 _a23224120
035 _a(OCoLC)1346308182
040 _aLC
_beng
_erda
_cUNZA
042 _alccopycat
050 0 0 _aRD52
_bWOO 2005
100 _aWoodhead, Kate
245 0 0 _aA textbook of perioperative care /
_cKate Woodhead; Paul Wicker.
260 _aEdinurgh :
_bElsevier,
_c2005.
300 _axii, 401 pages :
_billustrations
336 _atext
_btxt
_2rdacontent
336 _astill image
_bsti
_2rdacontent
337 _aunmediated
_bn
_2rdamedia
338 _avolume
_bnc
_2rdacarrier
504 _aIncludes bibliographical references and index
650 0 _aTransesophageal echocardiography.
650 0 _aIntraoperative monitoring.
650 1 2 _aEchocardiography, Transesophageal
_xmethods
650 2 2 _aIntraoperative Care
650 7 _aIntraoperative monitoring.
_2fast
_0(OCoLC)fst00977793
650 7 _aTransesophageal echocardiography.
_2fast
_0(OCoLC)fst01154587
700 1 _aWicker, Paul
942 _2lcc
_cBOOK